| 000 | 00709nam a2200193Ia 4500 | ||
|---|---|---|---|
| 003 | GCL | ||
| 005 | 20240530105018.0 | ||
| 008 | 140319s9999 xx 000 0 ara d | ||
| 040 |
_aGCL / _cGCL |
||
| 082 | 0 | 4 |
_a/962.048 _bق/ع د _221 |
| 100 | 1 | _aعاصم محروس عبدالمطلب | |
| 245 | 1 | 0 |
_aدور الطلبة فى ثورة 1919 (1922 - 1919) / _cعاصم محروس عبدالمطلب |
| 260 |
_aالقاهرة : _bالهيئة المصرية العامة للكتاب ، _c1990 |
||
| 300 |
_a318 ص ؛ _c19 سم |
||
| 490 |
_aمصر النهضة _v0 |
||
| 650 | 0 | 4 | _aالطلبة المصريون |
| 650 | 0 | 4 | _aمصر - تاريخ - العصر الحديث - ثورة 1919 |
| 942 |
_2ddc _cBK |
||
| 999 |
_c52498 _d52498 |
||